Reformas electorales: cuarto foro /
Guardat en:
| Autor principal: | |
|---|---|
| Altres autors: | , |
| Format: | Text |
| Matèries: | |
| Etiquetes: |
Afegir etiqueta
Sense etiquetes, Sigues el primer a etiquetar aquest registre!
|
MARC
| LEADER | 00000 a a2200000 04500 | ||
|---|---|---|---|
| 001 | 16815 | ||
| 003 | |||
| 040 | |||
| 100 | |a Fonseca Montoya, Oscar | ||
| 245 | |a Reformas electorales: |b cuarto foro / |c Oscar Fonseca Montoya ; Luis Guillermo Solís ; Constantino Urcuyo Fournier | ||
| 650 | |a SISTEMAS ELECTORALES | ||
| 650 | |a REFORMA POLITICA | ||
| 650 | |a ORGANOS LEGISLATIVOS | ||
| 650 | |a DESARROLLO POLITICO | ||
| 650 | |a GOBERNABILIDAD | ||
| 700 | |a Solís, Luis Guillermo | ||
| 700 | |a Urcuyo Fournier, Constantino | ||
| 773 | |g volumen 11, número 2; páginas 175-201 | ||
| 999 | |c 34127 |d 34127 | ||
